Ảnh hưởng đa hình di truyền gen GHSR lên các tính trạng năng suất và phẩm chất thịt gà Tàu Vàng : Luận văn tốt nghiệp Cao học. Chuyên ngành Chăn nuôi

Ngiên cứu được tiến hành để phân tích mối quan hệ đa hình di truyền gen GHSR với các tính trạng sinh trưởng, năng suất và phẩm chất thịt gà Tàu Vàng

保存先:
書誌詳細
第一著者: Nguyễn, Công Hậu
フォーマット: 図書
言語:Undetermined
出版事項: Cần Thơ Trường Đại học Cần Thơ 2016
主題:
タグ: タグ追加
タグなし, このレコードへの初めてのタグを付けませんか!
Thư viện lưu trữ: Trung tâm Học liệu Trường Đại học Cần Thơ
LEADER 01108nam a2200229Ia 4500
001 CTU_217161
008 210402s9999 xx 000 0 und d
082 |a 636.5 
082 |b H125 
088 |a 60620105 
100 |a Nguyễn, Công Hậu 
245 0 |a Ảnh hưởng đa hình di truyền gen GHSR lên các tính trạng năng suất và phẩm chất thịt gà Tàu Vàng : 
245 0 |b Luận văn tốt nghiệp Cao học. Chuyên ngành Chăn nuôi 
245 0 |c Nguyễn Công Hậu ; Đỗ Võ Anh Khoa (Người hướng dẫn) 
260 |a Cần Thơ 
260 |b Trường Đại học Cần Thơ 
260 |c 2016 
520 |a Ngiên cứu được tiến hành để phân tích mối quan hệ đa hình di truyền gen GHSR với các tính trạng sinh trưởng, năng suất và phẩm chất thịt gà Tàu Vàng 
650 |a Chickens,Gà 
650 |x breeding,chăn nuôi 
904 |i Yến (Nguyên) 
980 |a Trung tâm Học liệu Trường Đại học Cần Thơ